Quick Pick: Kendrick Lamar Quiz Stats

 Plays Quiz Updated Sep 13, 2017

Challenge
Share
Tweet
Embed
Score 0/15 Timer 01:30
6 Plays Today
% Correct
Six
93.8%
Pools
92.4%
Reagan
91%
Walls
90.9%
King
90.4%
Pressure
90.4%
Thirst
89.7%
Money
88.8%
% Correct
Blacker
88.7%
Hol’
85.4%
Freestyle
84.4%
Sherane
84.1%
Hood
79.3%
Theory
77.4%
Spiteful
64.8%

Today's Daily Dose

You're not logged in!

Compare scores with friends on all Sporcle quizzes.
OR
Log In

You Might Also Like...

Show Comments

Extras

Top Quizzes Today


Score Distribution

Your Account Isn't Verified!

In order to create a playlist on Sporcle, you need to verify the email address you used during registration. Go to your Sporcle Settings to finish the process.

Report this User

Report this user for behavior that violates our Community Guidelines.

Details: